Encyclopedia Brown sets the pace / (Record no. 7318)

MARC details
000 -LEADER
fixed length control field 01134nam a22003137a 4500
001 - CONTROL NUMBER
control field 7318
003 - CONTROL NUMBER IDENTIFIER
control field FISKH
005 - DATE AND TIME OF LATEST TRANSACTION
control field 20250709114230.0
008 - FIXED-LENGTH DATA ELEMENTS--GENERAL INFORMATION
fixed length control field 230301b cb ||||| |||| 00| 0 eng d
040 ## - CATALOGING SOURCE
Original cataloging agency DLC
Transcribing agency DLC
Modifying agency DLC
-- FISKH
Language of cataloging eng
042 ## - AUTHENTICATION CODE
Authentication code lcac
050 00 - LIBRARY OF CONGRESS CALL NUMBER
Classification number PZ7.S68524
Item number Ert 1982
082 00 - DEWEY DECIMAL CLASSIFICATION NUMBER
Classification number 813
Edition number 19
100 1# - MAIN ENTRY--PERSONAL NAME
Personal name Sobol, Donald J
Dates associated with a name (1924-2012)
245 10 - TITLE STATEMENT
Title Encyclopedia Brown sets the pace /
Statement of responsibility, etc. Donald J. Sobol ; illustrations by Ib Ohlsson.
250 ## - EDITION STATEMENT
Edition statement This edition first published in 1982
260 ## - PUBLICATION, DISTRIBUTION, ETC.
Place of publication, distribution, etc. New York :
Name of publisher, distributor, etc. Scholastic,
Date of publication, distribution, etc. 1982
300 ## - PHYSICAL DESCRIPTION
Extent 89 pages :
Other physical details illustrations,
Dimensions 20 cm.
505 ## - FORMATTED CONTENTS NOTE
Formatted contents note R<br/>
520 ## - SUMMARY, ETC.
Summary, etc. More mysterious cases for "America's Sherlock Holmes in sneakers" to solve for the standard twenty-five-cent fee. Solutions are included at the back of the book.<br/>
521 8# - TARGET AUDIENCE NOTE
Target audience note 660<br/>
Source Lexile<br/>
521 8# - TARGET AUDIENCE NOTE
Target audience note N<br/>
Source Raz-Plus<br/>
650 #1 - SUBJECT ADDED ENTRY--TOPICAL TERM
Topical term or geographic name entry element Mystery and detective stories.
Source of heading or term Chapter Book Series
650 #1 - SUBJECT ADDED ENTRY--TOPICAL TERM
Topical term or geographic name entry element Detective and mystery stories
Source of heading or term Encyclopedia Brown
700 ## - ADDED ENTRY--PERSONAL NAME
Personal name Ohlsson, Ib
Dates associated with a name illustrator
906 ## - LOCAL DATA ELEMENT F, LDF (RLIN)
a 7
b cbc
c orignew
d 1
e opcn
f 19
g y-gencatlg
942 ## - ADDED ENTRY ELEMENTS (KOHA)
Source of classification or shelving scheme Dewey Decimal Classification
Koha item type Books
Suppress in OPAC No
Holdings
Withdrawn status Lost status Source of classification or shelving scheme Damaged status Not for loan Collection Home library Current library Shelving location Date acquired Total Checkouts Full call number Barcode Date last seen Copy number Price effective from Koha item type
    Dewey Decimal Classification     Juvenile Fiction Footprints International School Library Network Toul Tom Poung Campus Footprints International School Library Network Toul Tom Poung Campus TTP Primary Orange Bookshelves 07/09/2025   SOB 813 PZ7.S68524 E 2025-1780 07/09/2025 1 07/09/2025 Books